000 00394nam a2200169Ia 4500
003 0STCL
008 150530s9999 xx 000 0 und d
040 _aSTCL
_cSTCL
100 _aKisharidas Vajpey Sastri
245 _aBraj Bhasha Ka Vyakaran
260 _bRam Narain Lal; Prayag
_c1958
300 _a0
546 _aHindi
942 _2ddc
_cBK
999 _c66037
_d66037
005 20220125171317.0